| 000 | 00456nam a2200181Ia 4500 | ||
|---|---|---|---|
| 001 | 13782 | ||
| 005 | 20260306164826.0 | ||
| 008 | 260306t2007||||xx |||||||||||||| ||spa|| | ||
| 041 | _aESP | ||
| 082 |
_a005.133LV _bL16 |
||
| 100 |
_aLajara Vizcaíno, José Rafael _eAUT |
||
| 245 | 0 |
_aLab view: _bentorno gráfico de programación |
|
| 260 | _c2007 | ||
| 300 |
_a372 páginas : _c23 cm. |
||
| 650 | _aGEN | ||
| 654 | _aCCC | ||
| 942 |
_cLIB _dJUS _fJUS _2ddc _n |
||
| 999 |
_c13782 _d13782 |
||